[Event "CRO-ch U11"]
[Site "Trogir"]
[Date "2022.06.22"]
[Round "1"]
[White "Ivancic, Ivan"]
[Black "Sosic, Vid"]
[Result "1-0"]
[WhiteElo "1556"]
[BlackElo "1664"]
[PlyCount "101"]
[EventDate "2022.06.22"]
[EventType "swiss"]
[EventRounds "9"]
[EventCountry "CRO"]
[SourceTitle "CBM 209 Extra"]
[Source "ChessBase"]
[SourceDate "2022.09.30"]
[SourceVersion "1"]
[SourceVersionDate "2022.09.30"]
[SourceQuality "1"]

1. d4 d5 2. c4 dxc4 3. e3 e5 4. dxe5 Qxd1+ 5. Kxd1 Be6 6. Nc3 Nc6 7. Nf3 0-0-0+ 8. Ke2 Bg4 9. b3 cxb3 10. axb3 Bf5 11. e4 Bg4 12. Bf4 Nd4+ 13. Ke1 Nc2+ 14. Ke2 Nxa1 15. h3 Bxf3+ 16. Kxf3 Nxb3 17. Nd5 Nd4+ 18. Kg3 c6 19. Ne3 Ne7 20. Nc4 g5 21. Nd6+ Kc7 22. Nxf7 Rg8 23. Be3 Rd7 24. Bc4 b5 25. Ra1 a5 26. e6 Rd6 27. e5 Rd7 28. exd7 Kxd7 29. e6+ Kc7 30. Bxd4 bxc4 31. Be5+ Kb6 32. Rb1+ Ka6 33. Rb8 Nf5+ 34. Kh2 Rg7 35. Bxg7 Bxg7 36. Rg8 Bf6 37. g4 Ne7 38. Re8 Ng6 39. Rb8 c3 40. Rb1 a4 41. Kg1 Nh8 42. Nxh8 Bxh8 43. e7 c2 44. Rc1 a3 45. e8Q a2 46. Ra1 Bxa1 47. Qxc6+ Ka5 48. Qxc2 Bf6 49. Qxa2+ Kb4 50. Qd2+ Bc3 51. Qxg5 1-0